Cities in space : city as place (Record no. 129710)

MARC details
000 -LEADER
fixed length control field 00614nam a2200217Ia 4500
008 - FIXED-LENGTH DATA ELEMENTS--GENERAL INFORMATION
fixed length control field 191130s1997##################000#0#eng##
020 ## - INTERNATIONAL STANDARD BOOK NUMBER
ISBN 9781853464010
082 ## - DEWEY DECIMAL CLASSIFICATION NUMBER
Classification number 307.76 HER
100 ## - MAIN ENTRY--AUTHOR NAME
Personal name Herbert, David T
245 ## - TITLE STATEMENT
Title Cities in space : city as place
Statement of responsibility, etc David T Herbert and Colin J Thomas
250 ## - EDITION STATEMENT
Edition statement 3rd ed
260 ## - PUBLICATION, DISTRIBUTION, ETC. (IMPRINT)
Place of publication London
Name of publisher David Fulton
Year of publication 1997
300 ## - PHYSICAL DESCRIPTION
Number of Pages vi, 378 p. : ill., maps ; 25 cm
650 ## - SUBJECT ADDED ENTRY--TOPICAL TERM
Topical Term Human geography
Topical Term Urban geography
700 ## - ADDED ENTRY--PERSONAL NAME
Personal name Thomas, Colin J
991 ## -
-- 100344
Holdings
Withdrawn status Lost status Damaged status Not for loan Home library Current library Shelving location Date acquired Full call number Accession Number Price effective from Koha item type
        Anna Centenary Library Anna Centenary Library 3RD FLOOR, B WING 12.10.2020 307.76 HER 180422 12.10.2020 English Books

Find us on the map